000 01054na a2200313 4500
001 22074
003 MIRAKIL
005 20181213154933.0
008 170210b tu 000 0
040 _aMilas
_btur
_cTR-AnCHP
041 _atur
090 _aSHP 4
100 _aBaykal, Deniz
_cGenel Sekreter
222 _aDeniz Baykal'ın konuşmaları
245 _aGenel sekreter Deniz Baykal'ın yerel yönetimler kurultayında yaptığı konuşma
_c[Deniz Baykal]
260 _a[Ankara]
_b[SHP]
_c[1989]
300 _a30 s.
_c20 sm.
440 _aSHP yayınları
_pSöylev ve demeçler
600 _aBaykal, Deniz
_cSHP Genel Sekreteri
_xKonuşmalar, 1989
600 _aBaykal, Deniz
_xSöylev ve demeçler
610 _aSHP
_xSöylev ve demeçler
650 _aSHP Genel başkanları
_xBaykal, Deniz
_yKonuşmalar, 1989
_yYerel yönetimler
657 _aDeniz Baykal'ın konuşmaları
710 _aSHP
740 _aSHP Genel Sekreteri Deniz Baykal'ın Konuşmaları
830 _aSHP yayınları
942 _2dcc
_cBKS
999 _c3471
_d3471